The geologic occurrence of monazite /

Bibliographic Details
Main Author: Overstreet, William C. (William Courtney), 1919-
Format: Government Document Book
Language:English
Published: Washington : U.S. G.P.O., 1967.
Series:Geological Survey professional paper ; 530.
Subjects:

MARC

Tag First Indicator Second Indicator Subfields
LEADER 00000cam a2200000La 4500
001 in00002784260
005 20151202171824.0
008 910730s1967 dcuab f000 0 eng d
019 |a 503920561 
035 |a (OCoLC)ocn154286882 
035 |a (OCoLC)154286882  |z (OCoLC)503920561 
040 |a Nz  |b eng  |c UV0  |d OCLCG  |d OCLCQ  |d UtOrBLW 
049 |a TXAM 
086 |a I 19.16:530 
100 1 |a Overstreet, William C.  |q (William Courtney),  |d 1919- 
245 1 4 |a The geologic occurrence of monazite /  |c by William C. Overstreet. 
264 1 |a Washington :  |b U.S. G.P.O.,  |c 1967. 
300 |a viii, 327 pages :  |b illustrations, folded maps ;  |c 29 cm. 
336 |a text  |b txt  |2 rdacontent 
337 |a unmediated  |b n  |2 rdamedia 
338 |a volume  |b nc  |2 rdacarrier 
490 1 |a Geological Survey professional paper ;  |v 530 
500 |a "A review of the distribution of monazite and of the geologic controls affecting the amount of thorium in monazite." 
500 |a Folded maps in pocket. 
650 0 |a Monazite. 
650 0 |a Heavy minerals. 
830 0 |a Geological Survey professional paper ;  |v 530. 
948 |a cataloged  |b h  |c 2012/12/12  |d c  |e mvaldespin  |f 12:57:49 pm 
994 |a C0  |b TXA 
999 |a MARS 
999 f f |s 73eefa07-0483-3005-956b-aa921ea2936e  |i c7fc4673-3dda-37ca-ace9-6c538fad6524  |t 0 
952 f f |p normal  |a Texas A&M University  |b College Station  |c Sterling C. Evans Library  |d Evans: US Documents (Annex 5th floor)  |t 0  |e I 19.16:530-531  |h Superintendent of Documents classification  |i unmediated -- volume  |m A14839364991 
998 f f |a I 19.16:530-531  |t 0  |l Evans: US Documents (Annex 5th floor)